Top 25 Trading Partners - Senegal - Statistics

General Stats
  • This quiz has been taken 44 times
  • The average score is 40 of 50
Answer Stats
Hint Answer % Correct
12th Place: 84 France
100%
1st Place: 1,023 France
100%
8th Place: 113 United States of America
97%
10th Place: 201 United States of America
97%
17th Place: 59 United Kingdom
95%
24th Place: 69 United Kingdom
95%
7th Place: 115 China
92%
2nd Place: 896 China
92%
1st Place: 698 Mali
92%
21st Place: 28 Niger
92%
20th Place: 28 Nigeria
92%
3rd Place: 699 Nigeria
92%
10th Place: 97 Gambia
90%
9th Place: 109 Italy
87%
11th Place: 200 Italy
87%
4th Place: 138 Spain
87%
8th Place: 316 Spain
87%
6th Place: 127 Guinea
85%
5th Place: 131 Ivory Coast
85%
22nd Place: 89 Ivory Coast
85%
13th Place: 75 Mauritania
85%
19th Place: 118 Morocco
85%
15th Place: 142 Japan
82%
16th Place: 127 South Africa
82%
21st Place: 111 Brazil
79%
24th Place: 23 Ghana
79%
15th Place: 68 Guinea-Bissau
79%
3rd Place: 302 India
79%
5th Place: 519 India
79%
9th Place: 239 Russia
79%
23rd Place: 26 South Korea
77%
25th Place: 67 South Korea
77%
22nd Place: 27 Belgium
74%
6th Place: 484 Belgium
74%
13th Place: 188 Germany
74%
11th Place: 92 Netherlands
74%
4th Place: 527 Netherlands
74%
18th Place: 39 Republic of the Congo
74%
7th Place: 378 Turkey
74%
25th Place: 21 Togo
72%
19th Place: 29 Cameroon
67%
18th Place: 118 Argentina
64%
2nd Place: 541 Switzerland
59%
16th Place: 66 United Arab Emirates
59%
20th Place: 114 United Arab Emirates
59%
14th Place: 154 Singapore
56%
14th Place: 69 Burkina Faso
54%
17th Place: 122 Thailand
51%
23rd Place: 72 Malaysia
49%
12th Place: 194 Ukraine
46%
No matching quizzes found
Score Distribution
Percent of People with Each Score
Percentile by Number Answered
Your Score History
You have not taken this quiz